Most Successful NFL Teams Since 2002 - Statistics

General Stats
  • This quiz has been taken 38 times
  • The average score is 9 of 10
Answer Stats
Total Score Best Season Answer % Correct
71.25 7 (2003, 2004, 2016) New England Patriots
100%
33.25 6.5 (2010) Green Bay Packers
97%
22.0 6.75 (2009) New Orleans Saints
91%
37.0 6.75 (2005) Pittsburgh Steelers
91%
25.5 7 (2012) Baltimore Ravens
88%
35.25 7.5 (2006) Indianapolis Colts
88%
29.125 6.75 (2017) Philadelphia Eagles
88%
32.875 6.75 (2013) Seattle Seahawks
88%
20.75 6.5 (2015) Denver Broncos
85%
16.375 5.25 (2003, 2015) Carolina Panthers
62%
No matching quizzes found
Score Distribution
Percent of People with Each Score
Percentile by Number Answered
Your Score History
You have not taken this quiz